000
00252nam a22001217a 4500
008
170801b xxu||||| |||| 00| 0 eng d
041
_a
eng
080
_a
004
100
_a
32
101
_a
SHKI
245
_a
FOR YOURSELF
_c
MICROSOFT
942
_2
udc
_c
BK
999
_c
22358
_d
22358